Truyện cổ dân gian dân tộc Thái tỉnh Điện Biên Quyển 3
Gồm các truyện cổ dân gian dân tộc Thái tỉnh Điện Biên bằng chữ Thái cổ.
Zapisane w:
| 1. autor: | |
|---|---|
| Kolejni autorzy: | |
| Format: | Książka |
| Język: | Undetermined |
| Wydane: |
H.
Văn hóa thông tin
2014
|
| Hasła przedmiotowe: | |
| Dostęp online: | http://lrc.tdmu.edu.vn/opac/search/detail.asp?aID=2&ID=20976 |
| Etykiety: |
Dodaj etykietę
Nie ma etykietki, Dołącz pierwszą etykiete!
|
| Thư viện lưu trữ: | Trung tâm Học liệu Trường Đại học Thủ Dầu Một |
|---|
| LEADER | 01077nam a2200229Ia 4500 | ||
|---|---|---|---|
| 001 | TDMU_20976 | ||
| 008 | 210410s9999 xx 000 0 und d | ||
| 082 | |a 398.2089959 | ||
| 090 | |b L561 | ||
| 100 | |a Lương, Thị Đại | ||
| 245 | 0 | |a Truyện cổ dân gian dân tộc Thái tỉnh Điện Biên | |
| 245 | 0 | |c Lương Thị Đại (s.t & b.soạn) | |
| 245 | 0 | |n Quyển 3 | |
| 260 | |a H. | ||
| 260 | |b Văn hóa thông tin | ||
| 260 | |c 2014 | ||
| 300 | |a 303 tr. | ||
| 520 | |a Gồm các truyện cổ dân gian dân tộc Thái tỉnh Điện Biên bằng chữ Thái cổ. | ||
| 650 | |a Văn học dân gian |x Truyện cổ |x Dân tộc Thái |z Điện Biên (Việt Nam); Truyện cổ |x Dân tộc Thái |z Điện Biên (Việt Nam); Dân tộc Thái |x Văn học |x Truyện cổ | ||
| 700 | |a Hội Văn nghệ dân gian Việt Nam | ||
| 856 | |u http://lrc.tdmu.edu.vn/opac/search/detail.asp?aID=2&ID=20976 | ||
| 980 | |a Trung tâm Học liệu Trường Đại học Thủ Dầu Một | ||